000 00549nam a2200205Ia 4500
005 20250505145702.0
008 008 250505s9999 xx 000 0 eng d
037 _aTextbook
040 _aFML
_bhin
_cFML
041 _ahin
_2hin
084 _aNI44 R0
_qFML
100 _aRoy, Gulaab
_9754199
245 0 _aHindi Natya- Vimarsh
260 _aNew Delhi , India
_bMeharchand Lachhmandas. Pvt. Ltd.
_c2020
300 _a178p
365 _aINR
_b595
650 _aMusic
942 _cTB
_hNI44 R0
999 _c1311411
_d1311411